<?xml version="1.0" encoding="UTF-8"?>
<collection xmlns="http://www.loc.gov/MARC21/slim">
 <record>
  <leader>00583nam a22001575a 4500</leader>
  <controlfield tag="001">EHU.bham048359</controlfield>
  <controlfield tag="005">20110923194208.0</controlfield>
  <controlfield tag="008">110923s1937####xx############000#0#und#d</controlfield>
  <datafield tag="100" ind1="1" ind2=" ">
   <subfield code="a">Cole, G.D. H.; Cole, Margaret.</subfield>
  </datafield>
  <datafield tag="245" ind1="0" ind2="0">
   <subfield code="a">Guía de la política moderna :</subfield>
   <subfield code="b">A guide to modern politics /</subfield>
   <subfield code="c">G.D. H. Cole; Margaret Cole.</subfield>
  </datafield>
  <datafield tag="260" ind1=" " ind2=" ">
   <subfield code="a">Santiago de Chile :</subfield>
   <subfield code="b">Ediciones Ercilla,</subfield>
   <subfield code="c">1937.</subfield>
  </datafield>
  <datafield tag="300" ind1=" " ind2=" ">
   <subfield code="a">645 p.</subfield>
  </datafield>
  <datafield tag="653" ind1=" " ind2=" ">
   <subfield code="a">Política moderna.</subfield>
  </datafield>
  <datafield tag="653" ind1=" " ind2=" ">
   <subfield code="a">Sistemas políticos y sistemas parlamentarios.</subfield>
  </datafield>
  <datafield tag="653" ind1=" " ind2=" ">
   <subfield code="a">Estado.</subfield>
  </datafield>
  <datafield tag="859" ind1=" " ind2=" ">
   <subfield code="a">AR-BHAM</subfield>
   <subfield code="b">BIB. HUMANIDADES - Donacion Lejarraga</subfield>
   <subfield code="h">MFN002578</subfield>
   <subfield code="p">002578.19</subfield>
  </datafield>
 </record>
</collection>
